ARRUPE JESUIT UNIVERSITY

CORONAVIRUS -STOP THE SPREAD - CLEAN,DISINFECT,COVER

Citizenship and nationality in Liberia (Record no. 130338)

MARC details
000 -LEADER
fixed length control field 00484nam a22001457a 4500
008 - FIXED-LENGTH DATA ELEMENTS--GENERAL INFORMATION
fixed length control field 200211b ||||| |||| 00| 0 eng d
020 ## - INTERNATIONAL STANDARD BOOK NUMBER
International Standard Book Number 9781689851022
050 ## - LIBRARY OF CONGRESS CALL NUMBER
Classification number DT631.B972 2019
100 ## - MAIN ENTRY--PERSONAL NAME
Personal name Burrowes, C. Patrick
9 (RLIN) 49481
245 ## - TITLE STATEMENT
Title Citizenship and nationality in Liberia
Remainder of title the half that has never been told
Statement of responsibility, etc C. Patrick Burrowes
260 ## - PUBLICATION, DISTRIBUTION, ETC. (IMPRINT)
Place of publication, distribution, etc Liberia
Name of publisher, distributor, etc Know YourSelf Press
Date of publication, distribution, etc 2019
300 ## - PHYSICAL DESCRIPTION
Extent vi, 134p. ;
Dimensions 23cm.
651 ## - SUBJECT ADDED ENTRY--GEOGRAPHIC NAME
Geographic name Liberia
General subdivision History
9 (RLIN) 43162
942 ## - ADDED ENTRY ELEMENTS (KOHA)
Source of classification or shelving scheme Library of Congress Classification
Item type Monograph ( Printed materials)
Holdings
Withdrawn status Lost status Source of classification or shelving scheme Damaged status Not for loan Collection code Home library Current library Shelving location Date acquired Total Checkouts Full call number Barcode Date last seen Date last borrowed Price effective from Koha item type
    Library of Congress Classification     Main Collection ARRUPE LIBRARY ARRUPE LIBRARY Main Collection 11/02/2020 2 DT631.B972 2019 46600006441 20/05/2020 17/03/2020 11/02/2020 Monograph ( Printed materials)

 

Arrupe Library. PO Box MP320 Mt Pleasant, Harare, Zimbabwe
263 242 745411|librarian@aju.ac.zw